000 00579pab a2200193 454500
008 180718b2011 xxu||||| |||| 00| 0 eng d
100 _aZaman, Khalid et al
245 _aGrowth, employment, exports and Wagner's law: Evidence from Pakistans agriculture sector (1960-2009)
260 _c2011
300 _ap.27-41.
362 _aApr and Oct
650 _aExports/Imports - Pakistan
650 _aAgriculture - Pakistan
650 _aEmployment - Pakistan
650 _aEmployment
773 _aInternational Journal of Rural Management
908 _aN
909 _a97639
999 _c97638
_d97638